Największe miasta w województwie mazowieckim - Statystyki

Ogólne statystyki
  • Ten quiz został rozwiązany 766 razy
  • Średni wynik to 13 z 20
Statystyki odpowiedzi
Lp Populacja Odpowiedź % Poprawnych
1) 1 724 404 Warszawa
100%
2) 217 834 Radom
95%
3) 122 815 Płock
90%
5) 59 570 Pruszków
82%
4) 76 585 Siedlce
81%
6) 54 231 Legionowo
72%
7) 52 917 Ostrołęka
72%
8) 45270 Piaseczno
70%
9) 45073 Otwock
67%
12) 40 028 Mińsk Mazowiecki
65%
10) 44 797 Ciechanów
63%
13) 37 418 Wołomin
60%
11) 41 096 Żyrardów
58%
19) 28 361 Nowy Dwór Mazowiecki
55%
16) 30 893 Mława
53%
18) 29 395 Marki
52%
14) 37 333 Sochaczew
50%
15) 32 376 Ząbki
50%
17) 29 988 Grodzisk Mazowiecki
49%
20) 27 205 Wyszków
44%
Nie znaleziono quizów pasujących do podanych kryteriów
Rozkład punktacji
Procent ludzi z każdym wynikiem
Percentyl według liczby udzielonych odpowiedzi
Twoja historia wyników
Nie rozwiązałeś tego quizu